LEADER 00696nam a2200193 i 4500 001 000000223891 003 CaOOAMICUS 005 20131021000000.0 008 131021s1836 xx u000 u fre u 013 $a202789 040 $aSeMil$bita 245 10$aÉtude de la vie des femmes. 300 $a422 p. 773 0 $aNecker de Saussure, Albertine <1766-1841>$tèducation progressive, ou Étude du cours de la vie.$dBruxelles : J. P. Meline, 1836.$g3$w()10192 850 $aSeMil 852 $aSeMil$W1$xVenegono$y1$m2R I 80 FA$j174237$B174237$CSeMilBibl$Z2$F184402 $8I 941 1 $a10 961 $aRecupero: Mantegazza 996 $6245$aÉtude de la vie des femmes$9(OLS)http://semarc/title/320990 LEADER 01158nam a2200265 i 4500 001 000000230782 003 CaOOAMICUS 005 20140618000000.0 008 140618s2014 it u000 u ita u 013 $a209684 020 $a978-88-215-9047-4 040 $aSeMil$bita 100 1 $aGaeta, Saverio,$d<1958- >.$0(OLS)http://semarc/name/15095 245 10$aKarol il santo :$bvita e miracoli /$cSaverio Gaeta, Slawomir Oder. 260 $aCinisello Balsamo :$bSan Paolo,$c2014. 300 $a189 p., [16] p. di tav. :$bill. ;$c21 cm. 500 $aDono di don Romano Martinelli. 650 4$aGiovanni Paolo II - Biografie.$0(OLS)http://semarc/subject/10052 700 1 $aOder, Slawomir .$0(OLS)http://semarc/name/61115 850 $aSeMil 852 $aSeMil$W1$xVenegono$y1$m3A III 313$j181128$B181128$CSeMilBibl$Z2$F192033 $81 961 $aOmaggio: Martinelli don Romano 996 $6020$a978-88-215-9047-4$9(OLS)http://semarc/number/233718 996 $6245$aKarol il santo :$bvita e miracoli$9(OLS)http://semarc/title/329698 996 $6260$aCinisello Balsamo :$bSan Paolo$9(OLS)http://semarc/publisher/30129